000 00279nam a22001217a 4500
008 180104b xxu||||| |||| 00| 0 eng d
041 _aeng
080 _a91
100 _a42
101 _aGJEO
245 _aCULTURAL IDENTITY IN AMERICA
_cECKMAN,M
942 _2udc
_cBK
999 _c39742
_d39742